[Event "Leipzig VfB op 22nd"]
[Site "Leipzig"]
[Date "2015.03.05"]
[Round "4"]
[White "Weigert, Wilhelm"]
[Black "Teichmann, Felix"]
[Result "1-0"]
[WhiteElo "2052"]
[BlackElo "1893"]
[PlyCount "37"]
[EventDate "2015.03.03"]
[EventType "swiss"]
[EventRounds "9"]
[EventCountry "GER"]
[SourceTitle "EXT 2016"]
[Source "ChessBase"]
[SourceDate "2015.10.08"]
[SourceVersion "1"]
[SourceVersionDate "2015.10.08"]
[SourceQuality "1"]

1. c4 b6 2. Nc3 c5 3. Nf3 e6 4. g3 Bb7 5. Bg2 a6 6. 0-0 Qc7 7. b3 Nf6 8. Bb2 Be7 9. Rc1 d6 10. d4 cxd4 11. Nxd4 Nc6 12. Nd5 exd5 13. cxd5 0-0 14. Nxc6 Bxc6 15. Rxc6 Qb8 16. Qd4 Bd8 17. Rfc1 Re8 18. R1c2 a5 19. Ba3 1-0

[Event "Leipzig VfB op 22nd"]
[Site "Leipzig"]
[Date "2015.03.03"]
[Round "1"]
[White "Teichmann, Felix"]
[Black "Graf, Alexander"]
[Result "0-1"]
[WhiteElo "1893"]
[BlackElo "2597"]
[PlyCount "56"]
[EventDate "2015.03.03"]
[EventType "swiss"]
[EventRounds "9"]
[EventCountry "GER"]
[SourceTitle "EXT 2016"]
[Source "ChessBase"]
[SourceDate "2015.10.08"]
[SourceVersion "1"]
[SourceVersionDate "2015.10.08"]
[SourceQuality "1"]

1. d4 Nf6 2. Nf3 c5 3. e3 d5 4. c3 Qc7 5. Bd3 g6 6. Nbd2 Bg7 7. 0-0 0-0 8. e4 dxe4 9. Nxe4 Nxe4 10. Bxe4 Nd7 11. Re1 cxd4 12. Nxd4 Nc5 13. Bc2 e5 14. Nb5 Qc6 15. Na3 Be6 16. Qe2 Bd5 17. f3 Rfe8 18. c4 Be6 19. Rb1 e4 20. fxe4 Bf5 21. Be3 Nxe4 22. Nb5 a6 23. Na3 Rad8 24. Bxe4 Rxe4 25. Rbd1 Rde8 26. Rd3 R4e6 27. Rb3 Bd4 28. Qf2 Qc5 0-1

[Event "Leipzig VfB op 21st"]
[Site "Leipzig"]
[Date "2014.03.07"]
[Round "6"]
[White "Petiko, Nikolai"]
[Black "Teichmann, Felix"]
[Result "1-0"]
[WhiteElo "2074"]
[BlackElo "1824"]
[PlyCount "49"]
[EventDate "2014.03.04"]
[EventType "tourn"]
[EventRounds "9"]
[EventCountry "GER"]
[SourceTitle "CBM 159 Extra"]
[Source "ChessBase"]
[SourceDate "2014.04.24"]
[SourceVersion "1"]
[SourceVersionDate "2014.04.24"]
[SourceQuality "1"]

1. e4 c5 2. Nf3 e6 3. d3 Nc6 4. g3 Nge7 5. Bg2 g6 6. 0-0 Bg7 7. c3 0-0 8. d4 cxd4 9. cxd4 d5 10. e5 Qb6 11. Nc3 Nf5 12. Na4 Qb4 13. a3 Qb5 14. Re1 Na5 15. b4 Nc4 16. Nb2 a5 17. Nxc4 Qxc4 18. Bf1 Qc7 19. bxa5 Qxa5 20. Bd2 Qa4 21. Qxa4 Rxa4 22. Bb4 Rd8 23. Bb5 Ra8 24. g4 Nh6 25. Be7 1-0

[Event "Leipzig VfB op 20th"]
[Site "Leipzig"]
[Date "2013.03.09"]
[Round "8"]
[White "Mertin, Felix"]
[Black "Teichmann, Felix"]
[Result "0-1"]
[WhiteElo "1666"]
[BlackElo "1830"]
[PlyCount "72"]
[EventDate "2013.03.05"]
[EventType "swiss"]
[EventRounds "9"]
[EventCountry "GER"]
[SourceTitle "EXT 2014"]
[Source "ChessBase"]
[SourceDate "2013.11.20"]
[SourceVersion "1"]
[SourceVersionDate "2013.11.20"]
[SourceQuality "1"]

1. Nf3 c5 2. c4 b6 3. g3 Bb7 4. Bg2 e6 5. 0-0 d6 6. Nc3 a6 7. d4 cxd4 8. Nxd4 Qc8 9. Qb3 Nd7 10. Na4 Bxg2 11. Kxg2 Ngf6 12. Kg1 Qc7 13. Be3 Rb8 14. Rac1 Be7 15. Rfd1 0-0 16. Qc2 Nc5 17. b4 Nxa4 18. Qxa4 Ng4 19. Qb3 Nxe3 20. Qxe3 Qd7 21. b5 axb5 22. cxb5 Rb7 23. Nc6 Bf6 24. Rd3 d5 25. Rcd1 Qd6 26. Ra3 d4 27. Nxd4 e5 28. Qf3 Re7 29. Ra8 exd4 30. Rc1 Ree8 31. Rc6 Qb4 32. Rxe8 Rxe8 33. Rxb6 Qb1+ 34. Kg2 Qxa2 35. Ra6 Qc4 36. Ra8 Qxb5 0-1

[Event "Leipzig VfB op 20th"]
[Site "Leipzig"]
[Date "2013.03.09"]
[Round "9"]
[White "Teichmann, Felix"]
[Black "Herrmann, Markus"]
[Result "0-1"]
[WhiteElo "1830"]
[BlackElo "2044"]
[PlyCount "66"]
[EventDate "2013.03.05"]
[EventType "swiss"]
[EventRounds "9"]
[EventCountry "GER"]
[SourceTitle "EXT 2014"]
[Source "ChessBase"]
[SourceDate "2013.11.20"]
[SourceVersion "1"]
[SourceVersionDate "2013.11.20"]
[SourceQuality "1"]

1. d4 Nf6 2. Nf3 g6 3. Bf4 Bg7 4. e3 0-0 5. h3 d5 6. Be2 b6 7. c3 Bb7 8. Nbd2 c5 9. 0-0 Nbd7 10. Nb3 Ne4 11. Ne5 c4 12. Nxd7 Qxd7 13. Nd2 Nd6 14. Nf3 f6 15. b3 b5 16. h4 Rfc8 17. Nd2 Rf8 18. Bg4 f5 19. Bh3 h5 20. f3 Qe8 21. Bxd6 exd6 22. Re1 Qd8 23. g3 b4 24. cxb4 f4 25. Qc2 Kh7 26. gxf4 Qxh4 27. Kg2 Rae8 28. Rh1 Rxe3 29. Nf1 Rd3 30. Bf5 Qxf4 31. Bxd3 Qxf3+ 32. Kh2 cxd3 33. Qg2 Qf4+ 0-1

[Event "Leipzig VfB op 20th"]
[Site "Leipzig"]
[Date "2013.03.06"]
[Round "3"]
[White "Webner, Dennis"]
[Black "Teichmann, Felix"]
[Result "1-0"]
[WhiteElo "2022"]
[BlackElo "1830"]
[PlyCount "47"]
[EventDate "2013.03.05"]
[EventType "swiss"]
[EventRounds "9"]
[EventCountry "GER"]
[SourceTitle "EXT 2014"]
[Source "ChessBase"]
[SourceDate "2013.11.20"]
[SourceVersion "1"]
[SourceVersionDate "2013.11.20"]
[SourceQuality "1"]

1. e4 c5 2. d4 cxd4 3. c3 d3 4. Bxd3 e6 5. Nf3 d6 6. c4 Qc7 7. Nc3 a6 8. 0-0 Nf6 9. Re1 Nc6 10. Bf4 b6 11. Rc1 Bb7 12. Nd5 Qd8 13. e5 Nxe5 14. Nxe5 dxe5 15. Qa4+ Nd7 16. Bxe5 Bxd5 17. cxd5 b5 18. Qd4 Nxe5 19. Qxe5 Be7 20. dxe6 0-0 21. exf7+ Rxf7 22. Be4 Bf6 23. Qe6 Bd4 24. Bxa8 1-0

[Event "GER-chT U12"]
[Site "Verden"]
[Date "2012.12.30"]
[Round "7.1"]
[White "Teichmann, Felix"]
[Black "Baberz, Alexander"]
[Result "1/2-1/2"]
[WhiteElo "1668"]
[BlackElo "1805"]
[PlyCount "34"]
[EventDate "2012.12.27"]
[EventType "team-swiss"]
[EventRounds "7"]
[EventCountry "GER"]
[SourceTitle "EXT 2014"]
[Source "ChessBase"]
[SourceDate "2013.11.20"]
[SourceVersion "1"]
[SourceVersionDate "2013.11.20"]
[SourceQuality "1"]
[WhiteTeam "Leipzig SG"]
[BlackTeam "Hamburger SK"]
[WhiteTeamCountry "GER"]
[BlackTeamCountry "GER"]

1. d4 d5 2. Nf3 e6 3. Bf4 Bd6 4. Bg3 Nf6 5. e3 b6 6. Bd3 Bb7 7. Nbd2 Bxg3 8. hxg3 Ne4 9. Ne5 Nd7 10. Nxe4 dxe4 11. Bb5 f6 12. Qh5+ Ke7 13. Qf7+ Kd6 14. Bxd7 Qe7 15. Nc4+ Kxd7 16. Kd2 Rad8 17. Rh4 e5 1/2-1/2

[Event "GER-chT U12"]
[Site "Verden"]
[Date "2012.12.29"]
[Round "5.1"]
[White "Burg, Niclas"]
[Black "Teichmann, Felix"]
[Result "0-1"]
[WhiteElo "1729"]
[BlackElo "1668"]
[PlyCount "68"]
[EventDate "2012.12.27"]
[EventType "team-swiss"]
[EventRounds "7"]
[EventCountry "GER"]
[SourceTitle "EXT 2014"]
[Source "ChessBase"]
[SourceDate "2013.11.20"]
[SourceVersion "1"]
[SourceVersionDate "2013.11.20"]
[SourceQuality "1"]
[WhiteTeam "Worms"]
[BlackTeam "Leipzig SG"]
[WhiteTeamCountry "GER"]
[BlackTeamCountry "GER"]

1. e4 c5 2. Nf3 e6 3. c3 d6 4. d4 cxd4 5. cxd4 Nf6 6. Nc3 Be7 7. Bd3 Nbd7 8. 0-0 e5 9. Bd2 0-0 10. Rc1 exd4 11. Nxd4 Nc5 12. Bc2 d5 13. exd5 Nxd5 14. Bxh7+ Kxh7 15. Qh5+ Kg8 16. Nxd5 Bd6 17. Bb4 Nd3 18. Bxd6 Qxd6 19. Nb5 Qd7 20. Rc7 Nf4 21. Qg5 Qxd5 22. Qxf4 Qxb5 23. Re1 Be6 24. Re5 Rad8 25. h3 Rd5 26. Re3 Rg5 27. f3 Bxh3 28. Kh2 Rxg2+ 29. Kxh3 Qf1 30. Re1 Qf2 31. Ree7 Rg6 32. Rxb7 Qg2+ 33. Kh4 Qh1+ 34. Qh2 Qxh2# 0-1

[Event "GER-chT U12"]
[Site "Verden"]
[Date "2012.12.29"]
[Round "6.1"]
[White "Teichmann, Felix"]
[Black "Schnabel, Bennett"]
[Result "1/2-1/2"]
[WhiteElo "1668"]
[BlackElo "1590"]
[PlyCount "58"]
[EventDate "2012.12.27"]
[EventType "team-swiss"]
[EventRounds "7"]
[EventCountry "GER"]
[SourceTitle "EXT 2014"]
[Source "ChessBase"]
[SourceDate "2013.11.20"]
[SourceVersion "1"]
[SourceVersionDate "2013.11.20"]
[SourceQuality "1"]
[WhiteTeam "Leipzig SG"]
[BlackTeam "Baumschulenweg"]
[WhiteTeamCountry "GER"]
[BlackTeamCountry "GER"]

1. d4 d5 2. Nf3 e6 3. Bf4 f5 4. e3 Nf6 5. c3 Be7 6. Nbd2 0-0 7. Bd3 Nbd7 8. Ne5 Ne4 9. f3 Nxd2 10. Qxd2 c6 11. e4 g5 12. Bg3 f4 13. Nxd7 Bxd7 14. Bf2 a5 15. e5 Be8 16. Qc2 h6 17. Bg6 Kg7 18. Bd3 b5 19. b3 Bf7 20. a4 Qd7 21. 0-0 Rfb8 22. Rfc1 Qe8 23. Ra2 Bg6 24. c4 Bxd3 25. Qxd3 b4 26. cxd5 cxd5 27. Rc7 Rc8 28. Rcc2 Rxc2 29. Qxc2 Qc8 1/2-1/2

[Event "Sachsen-ch U12"]
[Site "Sebnitz"]
[Date "2012.04.14"]
[Round "7"]
[White "Schuering, Lewin"]
[Black "Teichmann, Felix"]
[Result "0-1"]
[WhiteElo "1438"]
[BlackElo "1834"]
[PlyCount "52"]
[EventDate "2012.04.10"]
[EventType "swiss"]
[EventRounds "7"]
[EventCountry "GER"]
[SourceTitle "CBM 148 Extra"]
[Source "ChessBase"]
[SourceDate "2012.06.22"]
[SourceVersion "1"]
[SourceVersionDate "2012.06.22"]
[SourceQuality "1"]

1. d4 d5 2. c4 e6 3. Nc3 c6 4. Nf3 Be7 5. Bf4 f5 6. e3 Nf6 7. cxd5 exd5 8. Bd3 0-0 9. 0-0 Ne4 10. Ne5 g5 11. Qh5 Qe8 12. Qh3 g4 13. Qh6 Rf6 14. Nxe4 Rxh6 15. Bxh6 fxe4 16. Be2 Qh5 17. Bf4 Bf6 18. Rac1 Be6 19. Rc2 Nd7 20. Nxd7 Bxd7 21. Rfc1 Qg6 22. a3 a5 23. Kf1 Bg5 24. Be5 Rf8 25. Ke1 Qf5 26. Bf1 Bxe3 0-1

[Event "Sachsen-ch U12"]
[Site "Sebnitz"]
[Date "2012.04.13"]
[Round "6"]
[White "Teichmann, Felix"]
[Black "Urban, Konstantin"]
[Result "1/2-1/2"]
[WhiteElo "1834"]
[BlackElo "1745"]
[PlyCount "31"]
[EventDate "2012.04.10"]
[EventType "swiss"]
[EventRounds "7"]
[EventCountry "GER"]
[SourceTitle "CBM 148 Extra"]
[Source "ChessBase"]
[SourceDate "2012.06.22"]
[SourceVersion "1"]
[SourceVersionDate "2012.06.22"]
[SourceQuality "1"]

1. d4 Nf6 2. c4 g6 3. Nf3 Bg7 4. Nc3 d6 5. e3 0-0 6. Bd3 Nbd7 7. 0-0 c5 8. Re1 a6 9. Bd2 Ne8 10. Qb3 Rb8 11. Ne2 Nc7 12. a4 e6 13. Rac1 cxd4 14. exd4 b6 15. Bb4 Nc5 16. Bxc5 1/2-1/2

[Event "Sachsen-ch U12"]
[Site "Sebnitz"]
[Date "2012.04.10"]
[Round "1"]
[White "Teichmann, Felix"]
[Black "Caprita, Victor"]
[Result "1-0"]
[WhiteElo "1834"]
[BlackElo "1384"]
[PlyCount "83"]
[EventDate "2012.04.10"]
[EventType "swiss"]
[EventRounds "7"]
[EventCountry "GER"]
[SourceTitle "CBM 148 Extra"]
[Source "ChessBase"]
[SourceDate "2012.06.22"]
[SourceVersion "1"]
[SourceVersionDate "2012.06.22"]
[SourceQuality "1"]

1. d4 d5 2. Nf3 Nf6 3. Bf4 Bf5 4. e3 e6 5. Nh4 Bg6 6. Nxg6 hxg6 7. Be2 Bd6 8. Be5 a6 9. Nd2 Nc6 10. Bxd6 Qxd6 11. h3 Rh7 12. c4 Qd7 13. Nb3 Ne4 14. Nd2 Nxd2 15. Qxd2 0-0-0 16. b4 Rdh8 17. b5 axb5 18. cxb5 Ne7 19. Qa5 Kb8 20. Rb1 b6 21. Qa4 f5 22. Rb3 Qc8 23. Ra3 Qb7 24. Kd2 g5 25. Rc1 g6 26. Qa6 Rf8 27. Rcc3 Rhf7 28. Ra4 Kc8 29. Qa7 Rf6 30. Ra6 R6f7 31. Qxb6 Qxb6 32. Rxb6 Kd7 33. Rb7 Rc8 34. b6 Rff8 35. Rbxc7+ Rxc7 36. Rxc7+ Kd6 37. Bb5 Rd8 38. a4 Nc8 39. Rc6+ Ke7 40. b7 Na7 41. Rc7+ Kd6 42. b8Q 1-0

[Event "Sachsen-ch U12"]
[Site "Sebnitz"]
[Date "2011.04.29"]
[Round "5"]
[White "Teichmann, Felix"]
[Black "Walczak, Charley"]
[Result "1-0"]
[WhiteElo "1520"]
[BlackElo "1435"]
[PlyCount "87"]
[EventDate "2011.04.26"]
[EventType "swiss"]
[EventRounds "7"]
[EventCountry "GER"]
[SourceTitle "EXT 2012"]
[Source "ChessBase"]
[SourceDate "2011.11.24"]
[SourceVersion "1"]
[SourceVersionDate "2011.11.24"]
[SourceQuality "1"]

1. d4 d5 2. Nf3 Nf6 3. c4 c6 4. g3 g6 5. Bg2 Bg7 6. 0-0 0-0 7. Nbd2 Nbd7 8. Qc2 Qc7 9. e4 dxe4 10. Nxe4 e5 11. dxe5 Nxe5 12. Nxe5 Qxe5 13. Bf4 Qf5 14. Nxf6+ Qxf6 15. b3 Bf5 16. Qd2 Rfd8 17. Qb4 g5 18. Be3 Qxa1 19. Rxa1 Bxa1 20. Bf3 Bh3 21. Bxg5 Rd7 22. Qe1 Bg7 23. Bh5 Rd4 24. Qe2 Be6 25. Be3 Re4 26. f3 Re5 27. f4 Ra5 28. g4 Re8 29. Bf2 Rd8 30. Be1 Ra3 31. f5 Re8 32. Bb4 Bd4+ 33. Kf1 Bd7 34. Qd2 Ra6 35. Qxd4 Bc8 36. Bc3 Kf8 37. Qg7+ Ke7 38. Qxf7+ Kd6 39. Qxe8 Kc7 40. c5 b6 41. Be5+ Kb7 42. Qe7+ Ka8 43. Qc7 Bb7 44. Qb8# 1-0

[Event "Leipzig VfB op 18th"]
[Site "Leipzig"]
[Date "2011.03.27"]
[Round "9"]
[White "Teichmann, Felix"]
[Black "Ulrich, Gert"]
[Result "1-0"]
[WhiteElo "1442"]
[BlackElo "1746"]
[PlyCount "53"]
[EventDate "2011.03.20"]
[EventType "swiss"]
[EventRounds "9"]
[EventCountry "GER"]
[SourceTitle "CBM 141 Extra"]
[Source "ChessBase"]
[SourceDate "2011.05.03"]
[SourceVersion "1"]
[SourceVersionDate "2011.05.03"]
[SourceQuality "1"]

1. d4 f5 2. c4 g6 3. Nf3 Bg7 4. g3 Nf6 5. Bg2 d6 6. Nbd2 c6 7. Qc2 Qc7 8. 0-0 0-0 9. e4 e5 10. b3 f4 11. Bb2 fxg3 12. hxg3 exd4 13. Bxd4 Bg4 14. Rac1 Nbd7 15. Rfe1 Rae8 16. b4 Ne5 17. Nxe5 dxe5 18. Bb2 Qc8 19. Qa4 a6 20. c5 Bh6 21. Rc2 Bh3 22. Nc4 Bxg2 23. Kxg2 Qg4 24. Nxe5 Rxe5 25. Bxe5 Nxe4 26. Qb3+ Rf7 27. f3 1-0

[Event "Leipzig VfB op 18th"]
[Site "Leipzig"]
[Date "2011.03.23"]
[Round "3"]
[White "Eidam, Horst"]
[Black "Teichmann, Felix"]
[Result "1/2-1/2"]
[WhiteElo "1969"]
[BlackElo "1442"]
[PlyCount "60"]
[EventDate "2011.03.20"]
[EventType "swiss"]
[EventRounds "9"]
[EventCountry "GER"]
[SourceTitle "CBM 141 Extra"]
[Source "ChessBase"]
[SourceDate "2011.05.03"]
[SourceVersion "1"]
[SourceVersionDate "2011.05.03"]
[SourceQuality "1"]

1. c4 e5 2. Nc3 Nf6 3. g3 d5 4. cxd5 Nxd5 5. Bg2 Be6 6. d3 Bc5 7. Nf3 Nc6 8. 0-0 0-0 9. Ng5 Qd7 10. Nxe6 fxe6 11. Ne4 Bb6 12. Bd2 Nf6 13. Rc1 Nxe4 14. Bxe4 Nd8 15. Bb4 Rf6 16. Bc5 c6 17. b4 Nf7 18. Qd2 Rh6 19. Qe3 Bd8 20. Qd2 Ng5 21. Bg2 Nh3+ 22. Bxh3 Rxh3 23. Kg2 Rh5 24. Be3 Qf7 25. h3 Be7 26. Rc4 Rf5 27. g4 Qg6 28. Kh2 Rff8 29. Bc5 Bg5 30. Be3 Be7 1/2-1/2

[Event "GER-ch U10"]
[Site "Willingen"]
[Date "2009.06.03"]
[Round "6"]
[White "Teichmann, Felix"]
[Black "Reimers, Juri"]
[Result "0-1"]
[WhiteElo "1211"]
[BlackElo "1503"]
[PlyCount "80"]
[EventDate "2009.05.30"]
[EventType "swiss"]
[EventRounds "11"]
[EventCountry "GER"]
[SourceTitle "EXT 2010"]
[Source "ChessBase"]
[SourceDate "2010.11.25"]
[SourceVersion "1"]
[SourceVersionDate "2010.11.25"]
[SourceQuality "1"]

1. e4 c6 2. Nf3 d5 3. Nc3 dxe4 4. Nxe4 Bf5 5. Ng3 Bg6 6. h4 h6 7. Ne5 Qd6 8. Nxg6 Qxg6 9. d4 Qd6 10. Bc4 e6 11. c3 Nf6 12. Be3 Nbd7 13. Qd2 Qc7 14. Bf4 Bd6 15. Bxd6 Qxd6 16. Bb3 0-0 17. 0-0-0 a5 18. Rh3 b5 19. Bc2 Rfb8 20. Ne2 Nb6 21. g4 Kf8 22. Bd3 b4 23. Qc2 bxc3 24. Nxc3 Qxd4 25. Be4 Qc4 26. Bd3 Qf4+ 27. Rd2 Nbd5 28. Nxd5 Nxd5 29. Qc5+ Ne7 30. Qc3 Qf6 31. Qc2 Qe5 32. Re3 Qc7 33. Be4 Rd8 34. Rf3 Rxd2 35. Qxd2 Rd8 36. Qc2 Qe5 37. Re3 Nd5 38. Bxd5 Qxd5 39. f4 Qh1+ 40. Re1 Qxe1+ 0-1